=LDR 00000nam 2200000 4500 =001 INLIS000000000033960 =005 20130612135902 =008 ***********************************ind** =035 ##$$0010-061300000033960 =041 ##$$a ind =082 ##$$a 635.3 =090 ##$$a 635.3, Pit b =100 ##$$a Pitojo, Setijo, Ir =245 ##$$a Budidaya bestru, Ir. Setijo Pitojo =260 ##$$a 1997 $b Yogyakarta =300 ##$$a 80 hlm, Ilus, 21 cm =850 ##$$a NBPNMAT